00751nam a2200193 a 450000100100000000500170001000800410002702000180006804000250008610000390011124500940015026000410024430000210028550000360030650400300034250000630037295201050043599900170054000004607220201002052623.0150617s2012 dr 000 0 spa d a9789945481143 aDO-SdBNPbspacBNPHU1 aMinaya Nolasco, Blasd1971-97414310aHabeas data :bgarantía constitucional de protección de datos /cBlas Minaya Nolasco. aSanto Domingo, :bCentenario,c2012. a174 p. ;c23 cm. aIncluye notas a pie de página aBibliografía p: 167-174 aIncluye datos biografícos del autor en la contracubierta 0010718PDaPDbPDcHDd2015-06-17iLF1l0o p46072-10r2020-06-25w2020-06-25yLFPDZNo se presta c45561d45561